Statistics for Airports by IATA Code

Click here to take the quiz!

General Stats

  • This quiz has been taken 1,198 times
  • The average score is 7 of 15

Answer Stats

Airport CodeCity/Airport% Correct
HELHelsinki
88%
BKKBangkok
84%
ORYParis
68%
YYZToronto
68%
PKXBeijing
57%
EWRNewark
53%
FLLFort Lauderdale
47%
JUBJuba
47%
MDWChicago
45%
KTMKathmandu
41%
VKOMoscow
40%
WLGWellington
37%
GRUSao Paulo
34%
OOLGold Coast
11%
IPCEaster Island
6%

Score Distribution

Percentile by Number Answered

Percent of People with Each Score

Your Score History

You have not taken this quiz